| 000 | 00737nam a2200229Ii 4500 | ||
|---|---|---|---|
| 003 | JO-AjNU | ||
| 008 | 230605s9999||||xx |||||||||||||| ||und|| | ||
| 017 | _a2012/8/3218 | ||
| 020 | _a978-9957-49-031-7 | ||
| 040 |
_aJO-AjNU _bara _erda _cJO-AjNU |
||
| 041 | _aara | ||
| 050 | 1 | 4 | _aBP137.3 2013 |
| 100 | 3 |
_aالقضاة، أحمد مصطفى, _eauthor _949254 |
|
| 245 | 0 | 0 | _aأحكام الطفولة في الفقه الإسلامي |
| 250 | _aط1 | ||
| 264 | 3 | 1 | _aعمان: وزارة الثقافة، 2013 |
| 300 | _a607ص | ||
| 336 |
_atext _btxt _2rdacontent |
||
| 337 |
_aunmediated _bn _2rdamedia |
||
| 338 |
_avolume _bnc _2rdacarrier |
||
| 650 | 4 |
_aالاطفال في الاسلام- الفقه الاسلامي _949255 |
|
| 999 |
_aA21622 _c25190 _d25190 |
||